000 00399 a2200169 4500
001 185971
020 _a85-7675-032-5
040 _cMagnum
100 _aBaussier, Syvie
240 1 0 _aPequena história da escrita
_lpor
245 1 0 _aPequena história da escrita
300 _a80
362 0 _a2005
440 1 _aEdições Sm
697 _aLITERATURA INFANTO-JUVENIL ESTRANGEIRA
942 _cBK
999 _c185971
_d185971